〈崩壊:スターレイル〉運命と属性の種類 - Statistics

General Stats
  • This quiz has been taken 50 times
  • The average score is 13 of 15
Answer Stats
分類 種類 % Correct
運命 壊滅
93%
属性
93%
属性
93%
運命 豊穣
91%
運命 記憶
88%
属性 物理
88%
属性 量子
88%
運命 知恵
86%
属性
86%
属性
86%
運命 虚無
84%
運命 存護
84%
運命 巡狩
81%
運命 調和
81%
属性 虚数
77%
No matching quizzes found
Score Distribution
Percent of People with Each Score
Percentile by Number Answered
Your Score History
You have not taken this quiz